000
00430cam a2200193ua 4500
020
_c
1.75
041
_a
mal
_h
082
_a
894.812809
_b
VIS/SO
100
_a
Viswambaran, Kilimanoor .
245
_a
Soundarya darsanam
260
_a
Quilon :
_b
M.S Book Depot ,
_c
1966.
300
_a
115 ; .
365
_a
1.75
504
_a
942
_c
BK
999
_c
4313
_d
4313